علم النفس الاشاعة / (رقم التسجيلة. 58197)

تفاصيل مارك
000 -LEADER
fixed length control field 00515nam a22001817a 4500
005 - DATE AND TIME OF LATEST TRANSACTION
control field 20251108171148.0
008 - FIXED-LENGTH DATA ELEMENTS--GENERAL INFORMATION
fixed length control field 250721s1996 xx 000 0 ara d
082 14 - DEWEY DECIMAL CLASSIFICATION NUMBER
Classification number 155.9/عوي
100 1# - MAIN ENTRY--PERSONAL NAME
Personal name عويضة، كامل
Relator term مؤلف
245 10 - TITLE STATEMENT
Title علم النفس الاشاعة /
264 1# - PRODUCTION, PUBLICATION, DISTRIBUTION, MANUFACTURE, AND COPYRIGHT NOTICE
Place of production, publication, distribution, manufacture بيروت :
Name of producer, publisher, distributor, manufacturer الكتب العلمية،
Date of production, publication, distribution, manufacture, or copyright notice 1996.
300 ## - PHYSICAL DESCRIPTION
Extent 214ص
490 0# - SERIES STATEMENT
Series statement علم النفس
650 17 - SUBJECT ADDED ENTRY--TOPICAL TERM
Topical term or geographic name as entry element سيكولوجية التاثير
650 17 - SUBJECT ADDED ENTRY--TOPICAL TERM
Topical term or geographic name as entry element الاشاعة
942 ## - ADDED ENTRY ELEMENTS (KOHA)
Source of classification or shelving scheme Dewey Decimal Classification
Koha item type كتب
المقتنيات
حالة السحب حالة الفقدان مصدر التصنيف حالة التلف غير قابل للإعارة المكتبة الرئيسية المكتبة الحالية موقع الرف تاريخ التزويد الرقم المتسلسل Total Checkouts رقم الإستدعاء تاريخ آخر ظهور تاريخ الفاتورة نوع المادة (كوها) الباركود
    Dewey Decimal Classification Unchecked   مكتبة الأميرة ايمان العامة مكتبة الأميرة ايمان العامة الإعارة 06/07/2004 8737   155.9/عوي 28/07/2025 06/07/2004 كتب  
    Dewey Decimal Classification     مكتبة الأميرة سلمى مكتبة الأميرة سلمى الإعارة 15/06/2015 1464639   155.9/عوي 28/07/2025 15/06/2015 كتب PLD00331197
    Dewey Decimal Classification Unchecked   مكتبة الاميرة بديعة مكتبة الاميرة بديعة الإعارة 06/07/2004 5323   155.9/عوي 28/07/2025 06/07/2004 كتب  
    Dewey Decimal Classification Unchecked   مكتبة الجويدة مكتبة الجويدة الإعارة 06/07/2004 5347   155.9/عوي 28/07/2025 06/07/2004 كتب  
    Dewey Decimal Classification     مكتبة الحسن العامة مكتبة الحسن العامة الإعارة 27/07/2018 09675   155.9/عوي 28/07/2025 27/07/2018 كتب PLD00425189
    Dewey Decimal Classification     مكتبة النصر العامة مكتبة النصر العامة الإعارة 08/10/2014 7940.   155.9/عوي 28/07/2025 08/10/2014 كتب PLD00308276
    Dewey Decimal Classification     مكتبة صويلح العامة مكتبة صويلح العامة الإعارة 30/07/2015 011337   155.9/عوي 28/07/2025 30/07/2015 كتب PLD00339773
    Dewey Decimal Classification Unchecked   مكتبة وادي السير العامة مكتبة وادي السير العامة الإعارة 06/07/2004 6150   155.9/عوي 28/07/2025 06/07/2004 كتب  
Implemented & Customized by: BBB with SCIT (Smart Chains for Information Technology)

Powered by Koha